000
00197 a2200097 4500
001
11336
100
_a
Weissman, S.
245
_a
The Trojan Horse
260
_a
_b
Ramparts
_c
090
_c
8885
_d
8885
942
_a
NUST-CAE
_c
M
_c
35694
999
_c
246409
_d
246409